<?xml version="1.0" encoding="UTF-8"?>
<record
    xmlns:xsi="http://www.w3.org/2001/XMLSchema-instance"
    xsi:schemaLocation="http://www.loc.gov/MARC21/slim http://www.loc.gov/standards/marcxml/schema/MARC21slim.xsd"
    xmlns="http://www.loc.gov/MARC21/slim">

  <leader>03202cam a22002775a 4500</leader>
  <controlfield tag="001">17922960</controlfield>
  <controlfield tag="005">20201128023739.0</controlfield>
  <controlfield tag="008">131030s2014    nyua   frb   f001 0 eng d</controlfield>
  <datafield tag="020" ind1=" " ind2=" ">
    <subfield code="a">9781107629295</subfield>
  </datafield>
  <datafield tag="040" ind1=" " ind2=" ">
    <subfield code="a">DLC</subfield>
    <subfield code="b">eng</subfield>
    <subfield code="c">DLC</subfield>
    <subfield code="d">DLC</subfield>
    <subfield code="d">EG-ScBUE</subfield>
  </datafield>
  <datafield tag="082" ind1="0" ind2="4">
    <subfield code="a">327</subfield>
    <subfield code="2">22</subfield>
    <subfield code="b">STA</subfield>
  </datafield>
  <datafield tag="245" ind1="0" ind2="0">
    <subfield code="a">Status in world politics /</subfield>
    <subfield code="c">edited by T. V. Paul, Deborah Welch Larson, William C. Wohlforth.</subfield>
  </datafield>
  <datafield tag="260" ind1=" " ind2=" ">
    <subfield code="a">New York :</subfield>
    <subfield code="b">Cambridge University Press,</subfield>
    <subfield code="c">2014.</subfield>
  </datafield>
  <datafield tag="300" ind1=" " ind2=" ">
    <subfield code="a">xvi, 306 p. :</subfield>
    <subfield code="b">ill. ;</subfield>
    <subfield code="c">23 cm.</subfield>
  </datafield>
  <datafield tag="500" ind1=" " ind2=" ">
    <subfield code="a">Index : p. 297-306.</subfield>
  </datafield>
  <datafield tag="504" ind1=" " ind2=" ">
    <subfield code="a">Includes bibliographical references.</subfield>
  </datafield>
  <datafield tag="505" ind1="8" ind2=" ">
    <subfield code="a">Machine generated contents note: Part I. Introduction: 1. Status and world order Deborah Welch Larson, T. V. Paul and William C. Wohlforth; Part II. Admission into the Great Power Club: 2. Managing rising powers: the role of status concerns Deborah Welch Larson and Alexei Shevchenko; 3. Status considerations in international politics and the rise of regional powers Thomas J. Volgy, Renato Corbetta, J. Patrick Rhamey, Jr, Ryan G. Baird and Keith A. Grant; 4. Status is cultural: Durkheimian Poles and Weberian Russians seek great-power status Iver B. Neumann; Part III. Status Signaling: 5. Status dilemmas and inter-state conflict William C. Wohlforth; 6. Status signaling, multiple audiences, and China's blue-water naval ambition Xiaoyu Pu and Randall L. Schweller; Part IV. International Institutions and Status: 7. Status accommodation through institutional means: India's rise and the global order T. V. Paul and Mahesh Shankar; 8. Setting status in stone: the negotiation of international institutional privileges Vincent Pouliot; Part V. Status, Authority, and Structure: 9. Status conflict, hierarchies, and interpretation dilemmas William R. Thompson; 10. Status, authority, and the end of the American century David A. Lake; Part VI. Conclusions: 11. Why status matters in world politics Anne L. Clunan.</subfield>
  </datafield>
  <datafield tag="520" ind1=" " ind2=" ">
    <subfield code="a">"Rising powers such as Brazil, China, India, Russia and Turkey are increasingly claiming heightened profiles in international politics. Although differing in other respects, rising states have a strong desire for recognition and respect. This pioneering volume on status features contributions which develop propositions on status concerns and illustrate them with case studies and aggregate data analysis. Four cases are examined in depth: the United States (how it accommodates rising powers through hierarchy); Russia (the influence of status concerns on its foreign policy); China (how Beijing signals its status aspirations); and India (which has long sought major power status). The authors analyse status from a variety of theoretical perspectives and tackle questions such as: how do states signal their status claims? How are such signals perceived by the leading states? Will these status concerns lead to conflict or is peaceful adjustment possible?"--</subfield>
  </datafield>
  <datafield tag="650" ind1=" " ind2="7">
    <subfield code="a">World politics.</subfield>
    <subfield code="2">BUEsh</subfield>
    <subfield code="9">11141</subfield>
  </datafield>
  <datafield tag="650" ind1=" " ind2="7">
    <subfield code="a">International economic relations.</subfield>
    <subfield code="2">BUEsh</subfield>
    <subfield code="9">3036</subfield>
  </datafield>
  <datafield tag="653" ind1=" " ind2=" ">
    <subfield code="b">BUSBOL</subfield>
    <subfield code="c">May2016</subfield>
  </datafield>
  <datafield tag="700" ind1="1" ind2=" ">
    <subfield code="a">Paul, T. V.</subfield>
    <subfield code="e">editor.</subfield>
    <subfield code="9">15814</subfield>
  </datafield>
  <datafield tag="700" ind1="1" ind2=" ">
    <subfield code="a">Larson, Deborah Welch,</subfield>
    <subfield code="d">1951-</subfield>
    <subfield code="e">editor.</subfield>
  </datafield>
  <datafield tag="700" ind1="1" ind2=" ">
    <subfield code="a">Wohlforth, William Curti,</subfield>
    <subfield code="d">1959-</subfield>
    <subfield code="e">editor.</subfield>
  </datafield>
  <datafield tag="942" ind1=" " ind2=" ">
    <subfield code="2">ddc</subfield>
  </datafield>
  <datafield tag="999" ind1=" " ind2=" ">
    <subfield code="c">21778</subfield>
    <subfield code="d">21750</subfield>
  </datafield>
  <datafield tag="952" ind1=" " ind2=" ">
    <subfield code="0">0</subfield>
    <subfield code="1">0</subfield>
    <subfield code="2">ddc</subfield>
    <subfield code="4">0</subfield>
    <subfield code="7">0</subfield>
    <subfield code="8">Alahram</subfield>
    <subfield code="a">MAIN</subfield>
    <subfield code="b">MAIN</subfield>
    <subfield code="c">1ST</subfield>
    <subfield code="d">2016-05-18</subfield>
    <subfield code="e">Purchase</subfield>
    <subfield code="g">260.00</subfield>
    <subfield code="h">1</subfield>
    <subfield code="l">2</subfield>
    <subfield code="m">7</subfield>
    <subfield code="o">327 STA</subfield>
    <subfield code="p">000032533</subfield>
    <subfield code="r">2025-07-15 00:00:00</subfield>
    <subfield code="s">2018-10-21</subfield>
    <subfield code="v">325.00</subfield>
    <subfield code="y">BB</subfield>
  </datafield>
</record>
